000 00787cam a2200217 4500
001 WS109686
008 000000n 000 0 eng u
035 _a(Sirsi) u109686
110 _aInvestment Property Forum
_92112
245 _aSurvey of Independent Forecasts : UK Property Investment
520 _aThe IPFs quarterly survey of property investment market forecasts dating back to November 1998 is now available on the internet.
650 _aFORECASTS
650 _aINVESTMENT PROPERTY
650 _aPROPERTY MARKET
650 _aRENTAL VALUE
650 _aCAPITAL VALUE
650 _aRETURNS
690 _aPROPERTY-COMMERCIAL PROPERTY
856 4 0 _uhttps://www.ipf.org.uk/web/research/marketdata.html
_zView the website free of charge at www.ipf.org.uk...
942 _n0
999 _c119724
_d119724